Four Letter Geography A-Z #2 - Statistics

General Stats
  • This quiz has been taken 34,391 times
    34,342 since last reset
  • The average score is 18 of 25
Answer Stats
Hint Answer % Correct
B Capital of Switzerland Bern
95%
C Largest Caribbean island Cuba
95%
F Pacific island nation Fiji
95%
P Currency of Mexico Peso
94%
L Landlocked Southeast Asian country Laos
93%
I Midwestern U.S. state Iowa
92%
S Egyptian canal Suez
88%
G Small U.S. territory in the Pacific Guam
85%
Y New Haven university Yale
83%
W Most common Chinese family name Wang
82%
E Most active volcano in Europe Etna
79%
O National gemstone of Australia Opal
77%
T Slang for the London Underground Tube
77%
U National language of Pakistan Urdu
77%
A Largest ethnic group in North Africa Arab
75%
K Capital city on the Dnieper River Kyiv
72%
H Islamic pilgrimage to Mecca Hajj
64%
R Nomadic people of Europe Roma
60%
Q Four-sided university courtyard Quad
59%
N Capital of Greenland Nuuk
55%
Z Small hill outside Jerusalem's walls Zion
49%
D Name for the Russian Parliament Duma
44%
J Portuguese version of the name John João
42%
M River on which Frankfurt lies Main
41%
V French-speaking Swiss canton Vaud
13%
No matching quizzes found
Score Distribution
Percent of People with Each Score
Percentile by Number Answered
Your Score History
You have not taken this quiz since the last reset